| 000 | 01120 a2200241 4500 | ||
|---|---|---|---|
| 003 | Nust | ||
| 005 | 20220803153433.0 | ||
| 010 | _a 2003049481 | ||
| 020 | _a0470851295 (alk. paper) | ||
| 040 | _cNust | ||
| 082 | 0 | 0 | _a621.319214,ARR |
| 100 | 1 |
_aArrillaga, J. _996419 |
|
| 245 | 1 | 0 |
_aPower system harmonics / _cJos Arrillaga and Neville R. Watson. |
| 250 | _a2nd ed. | ||
| 260 |
_aWest Sussex, England ; _aHoboken, NJ : _bJ. Wiley & Sons, _cc2003. |
||
| 300 |
_ax, 399 p. : _bill. ; _c25 cm. + _e1 CD-ROM (4 3/4 in.) |
||
| 505 | _aSubject Definition And Objectives (Page-1), Harmonic Analysis (Page-17), Harmonic Sources (Page-61), Effect Of Harmonic Distortion (Page-143), Harmonic Monitoring (Page-191), Harmonic-Elimination (Page-219), Computation Of Harmonic Flows (Page-261), Advanced Harmonic Assessment (Page-351). | ||
| 650 | 0 | _aTelecommunication Engineering. | |
| 700 | 1 |
_aWatson, N. R. _996421 |
|
| 856 | 4 | 2 |
_3Publisher description _uhttp://www.loc.gov/catdir/description/wiley041/2003049481.html |
| 856 | 4 | 2 |
_3Table of contents _uhttp://www.loc.gov/catdir/toc/wiley041/2003049481.html |
| 942 |
_cREF _2ddc |
||
| 999 |
_c175598 _d175598 |
||